| 000 | 00916nam a22001337a 4500 | ||
|---|---|---|---|
| 040 | _cRUA | ||
| 082 | _aAGR KHO 2021 B1-586 Or. | ||
| 100 | _aKHOEM SOPOCH ឃឹម សុប៉ុច | ||
| 245 | _aEVALUATION OF DIFFERENT BIOLOGICAL, CHEMICAL AND THEIR COMBINATION TO CONTROL INSECTS ON GREEN BAK CHOY (Brassica rapa var. chinensis) ការវាយតម្លៃនៃភាពខុសគ្នារវាងការប្រើប្រាស់ថ្នាំជីវសាស្រ្ត ថ្នាំគីមី និងការរួមបញ្ចូលគ្នាដើម្បីគ្រប់គ្រងសត្វល្អិតលើដំណាំស្ពៃតឿ (Brassica rapa var. Chinensis) | ||
| 260 |
_aPHNOM PENH _bRUA _c2021 |
||
| 300 |
_aX. 39P _bVIII. _c29CM |
||
| 856 | _uhttps://drive.google.com/file/d/1olyWGF2l9ImTHf2hrc0eYOudqZyy6V9C/view?usp=sharing | ||
| 942 | _cAGR | ||
| 999 |
_c22680 _d22680 |
||